000 02722cam a2200241 4500500
005 20260322013426.0
041 _afre
042 _adc
100 1 0 _aJunot, Yves
_eauthor
245 0 0 _aGuerre commerciale et fonctionnement de la monarchie hispanique : quelques aspects des projets arbitristes pour la pacification des Pays-Bas (ca. 1585-1609)
260 _c2014.
500 _a15
520 _aÀ la fin du xvie siècle, la monarchie hispanique s’interroge sur les moyens de mettre fin à la rébellion des Hollandais et de restaurer l’unité politique et religieuse de ses Pays-Bas. Elle reçoit et examine, dans cette optique, des projets arbitristes, basés sur la guerre économique et sur la redéfinition de sa politique commerciale et de celle des Pays-Bas avec leurs voisins. L’analyse de ces projets permet de comprendre comment la monarchie hispanique élabore sa réflexion stratégique et sa politique hégémonique à partir de projets individuels, et de suivre le processus décisionnel au sein des arcanes du système impérial, entre la Cour d’Espagne et la capitale secondaire de Bruxelles. Elle montre aussi comment s’expriment leurs auteurs, qui se posent en serviteurs zélés du souverain, et comment et la monarchie hispanique régule ce discours politique.
520 _aTrade War and the Workings of the Spanish Monarchy : A Few Aspects of the Arbitration Projects for the Pacification of the Netherlands (ca 1585-1609)At the end of the xvith century, the Spanish monarchy debates over the means to put an end to the Dutch rebellion and to restore the political and religious unity of their Netherlands. It is addressed and examines, in this prospect, arbitration projects that rely on trade war and on the redefinition of their commercial policy and of that of the Netherlands with their neighbours. The analysis of these projects provides an insight into how the Spanish monarchy develops its strategic reflection and its hegemonic policy through individual projects, and permits to follow the decision-making process through the intricacies of the imperial system, between the Spanish Court and Brussels, their secondary capital. It shows also how their authors, who pose as zealous servants of the sovereign, express themselves and how the Spanish monarchy regulates this political rhetoric.
690 _aarbitrisme
690 _aguerre économique
690 _amonarchie hispanique
690 _apacification
690 _aPays-Bas espagnols
690 _apolitique commerciale
786 0 _nRevue du Nord | 400-401 | 2 | 2014-04-01 | p. 713-724 | 0035-2624
856 4 1 _uhttps://shs.cairn.info/revue-du-nord-2013-2-page-713?lang=fr&redirect-ssocas=7080
999 _c1780725
_d1780725